| 000 | 00989nam a2200301Ia 4500 | ||
|---|---|---|---|
| 003 | OSt | ||
| 005 | 20221007124800.0 | ||
| 006 | a|||||r|||| 00| 0 | ||
| 007 | ta | ||
| 008 | 221006b |||||||| |||| 00| 0 eng d | ||
| 020 | _a9788122420920 (pbk) | ||
| 024 | _a194911 | ||
| 037 |
_b4205, 03/12/2015, Educational Book Agency (India) _cTextual |
||
| 040 |
_aCDL _cCDL _beng |
||
| 041 |
_2eng _aeng |
||
| 082 | _aE:3, P8;10-;11 Carc | ||
| 100 |
_aKhopkar S M _9301683 |
||
| 245 | 0 | _aBasic concepts of analytical chemistry | |
| 250 | _a3 | ||
| 260 |
_aNew _bDelhi New Age _c2008 |
||
| 300 |
_axxvii, 604p. ill. _ccm. |
||
| 500 | _aAppendix 580-586p.; Index 587-604p.; Reprint 2014. | ||
| 650 |
_a Capillary elctrophoresis _9720445 |
||
| 650 |
_a X-ray spectroscopy _9720446 |
||
| 650 |
_aMass spectrometry _9717778 |
||
| 942 |
_hE:3, P8;10-;11 Carc _cTEXL _2CC |
||
| 999 |
_c1214108 _d1214108 |
||